| 000 | 00881nam a2200301Ia 4500 | ||
|---|---|---|---|
| 001 | 2225 | ||
| 003 | IT-RoPAU | ||
| 008 | 130308s9999 xx 000 0 und d | ||
| 040 | _aIT-RoPAU | ||
| 040 | _cIT-RoPAU | ||
| 041 | _aSPAGNOLO | ||
| 100 | _aJanis Irving L. | ||
| 100 | _gCodice Aut. SPICS: 5250 | ||
| 245 | _aPersonalidad como factor en la susceptibilidad a la persuasion (La) | ||
| 245 | _bCiencia de la comunicacion humana (La) | ||
| 250 | _a1a ed. | ||
| 260 | _aMEXICO | ||
| 260 | _bRoble | ||
| 260 | _c1966 [1° Ed.:1966 - Ed.Ling.Originale:1963] | ||
| 300 | _a"10 p. (prefazione: no ; testo: 10 [pagine: 63-72])" | ||
| 500 | _aPersonalità Come Fattore della Suscettibilità Alla Persuasione | ||
| 650 | _aTEORIA DELLA COMUNICAZIONE SOCIALE | ||
| 650 | _eCodice materia Spics: 3802 | ||
| 942 | _cBK | ||
| 957 | _71 | ||
| 999 |
_c43594 _d43594 |
||
| 999 | _bSI | ||
| 999 | _g1 | ||